Léky na předpis: komunikace pro pokročilé

Do marketingu liekov vstupujú štyria aktéri - lekár, pacient, poisťovňa a štát. Klasickým marketingovým nástrojom - reklamou, môžu výrobcovia osloviť iba odbornú verejnosť. Komunikácia výrobcov liekov s lekármi. Rast významu komunikácie s pacientom - edukačné a preventívne kampane k určitému ochoren...

Ausführliche Beschreibung

Gespeichert in:
Bibliographische Detailangaben
1. Verfasser: Doubravová, Johana
Format: Buchkapitel
Sprache:Tschechisch
Schlagworte:
Tags: Tag hinzufügen
Keine Tags, Fügen Sie das erste Tag hinzu!

MARC

LEADER 00000naa$a2200000$$$4500
001 0097653
005 20231018131432.0
041 0 |a cze 
044 |a CZ 
245 1 0 |a Léky na předpis: komunikace pro pokročilé  |c Johana Doubravová 
520 |a Do marketingu liekov vstupujú štyria aktéri - lekár, pacient, poisťovňa a štát. Klasickým marketingovým nástrojom - reklamou, môžu výrobcovia osloviť iba odbornú verejnosť. Komunikácia výrobcov liekov s lekármi. Rast významu komunikácie s pacientom - edukačné a preventívne kampane k určitému ochoreniu. Snaha farmaceutických firiem odlíšiť sa od konkurencie. Kombinácia rôznych komunikačných kanálov. Spolupráca s pacientskými združeniami. Komunikácia na internete. Prísne pravidlá zákona o regulácii reklamy - nemožnosť pomenovať ponúkaný liek. 
610 2 0 |a liečivá 
610 2 0 |a farmakológia 
610 2 0 |a výrobcovia 
610 2 0 |a marketing 
610 2 0 |a komunikácia marketingová 
610 2 0 |a zdravie 
610 2 0 |a zdravotníctvo 
610 2 0 |a práca s verejnosťou 
100 1 |a Doubravová, Johana